Normal view
MARC view
- Maeda, Martha
Entry Personal Name
001 - CONTROL NUMBER
- control field: 115698
003 - CONTROL NUMBER IDENTIFIER
- control field: NUST
005 - DATE AND TIME OF LATEST TRANSACTION
- control field: 20230912165504.0
008 - FIXED-LENGTH DATA ELEMENTS
- fixed length control field: 230912|| aca||aabn | a|a d
040 ## - CATALOGING SOURCE
- Original cataloging agency: NUST
- Transcribing agency: NUST
100 ## - HEADING--PERSONAL NAME
- Personal name: Maeda, Martha
670 ## - SOURCE DATA FOUND
- Source citation: Work cat.: (NUST): Maeda, Martha,, How to solar power your home :
